| 000 | 00612nam a2200181Ia 4500 | ||
|---|---|---|---|
| 999 |
_c5225 _d5225 |
||
| 020 | _a1-84376-352-4 | ||
| 082 | _aRR 330.01 REC- | ||
| 245 | 0 | _aRecent developments in economic methodology | |
| 260 |
_aCheltenham _bAn Elgar Reference Collection _c2006 |
||
| 440 | _aInternational library of critical writings in economics | ||
| 500 | _acontents: 3 Vols. Vol.1.(xv, 583p.) - v.2.(viii, 564p.) - v.3.(x, 548p.) | ||
| 650 |
_aEconomics _vMethodology |
||
| 650 |
_aEconomics _vPhilosophy |
||
| 650 |
_aEconomic development _vSocial aspects |
||
| 700 | _aDavis, John B. | ||
| 700 | _aBlaug, Mark | ||
| 942 |
_cBK _2ddc |
||